000 005310000a22001930004500
003 LK-CoMWRAF
005 20240611101158.0
008 230817t1986 ||||| |||| 00| 0 eng d
040 _aLK-CoMWRAF
_dLK-CoMWRAF
_eLK-CoMWRAF
041 _aeng
082 _a303
_bHAA
100 _aHaas, Harry
245 _aSri Lanka:
_bisland with a future how outsiders see it
260 _aColombo:
_bEcumenical Institute,
_c1986
300 _aiv.;47 p. ill.
650 _aSRI LANKA-history
650 _aSocial process-Sri Lanka
942 _cBK
999 _c2522
_d2522